logo

Bir Sreshtho Munshi Abdur Rouf Library
Jhenaidah Cadet College

Fundamentals of digital electronics / (Record no. 8435)

MARC details
000 -LEADER
fixed length control field 00820nam a2200289 4500
001 - CONTROL NUMBER
JCCL Control Number 8435
003 - CONTROL NUMBER IDENTIFIER
JCCL marc code MCM
005 - DATE AND TIME OF LATEST TRANSACTION
control field 20180224173735.0
008 - FIXED-LENGTH DATA ELEMENTS--GENERAL INFORMATION
fixed length control field 860321s1986 maua 001 0 eng
020 ## - INTERNATIONAL STANDARD BOOK NUMBER
International Standard Book Number 0534064027 (pbk.)
035 ## - SYSTEM CONTROL NUMBER
system control number (BD-JhCC)8435
035 ## - SYSTEM CONTROL NUMBER
system control number GLIS00353603
040 ## - CATALOGING SOURCE
Original cataloging agency DLC
Transcribing agency DLC
Modifying agency m/c
-- MYG
041 ## - LANGUAGE CODE
Language code of Book eng
050 0# - LIBRARY OF CONGRESS CALL NUMBER
Classification number TK7868.D5
Item number K56 1986
082 ## - DEWEY DECIMAL CLASSIFICATION NUMBER
Classification number 621.3815
Author mark and Year KNO 1986
099 ## - LOCAL FREE-TEXT CALL NUMBER
Classification number TK7868.D5.K56 1986
100 1# - MAIN ENTRY--PERSONAL NAME
Personal name Knox, Rosemary.
245 10 - TITLE STATEMENT
Title Fundamentals of digital electronics /
Statement of responsibility, etc Rosemary Knox.
260 ## - PUBLICATION, DISTRIBUTION, ETC. (IMPRINT)
Place of publication, distribution, etc Boston, Mass. :
Name of publisher, distributor, etc PWS-Kent Pub. Co.)
Date of publication, distribution, etc c1986.
300 ## - PHYSICAL DESCRIPTION
Pagination vii, 280 p. :
Other physical details ill. ;
Dimensions 28 cm.
500 ## - GENERAL NOTE
General note Includes index.
650 #0 - SUBJECT ADDED ENTRY--TOPICAL TERM
Topical term or geographic name as entry element Digital electronics.
942 ## - ADDED ENTRY ELEMENTS (KOHA)
Source of classification or shelving scheme Dewey Decimal Classification
Koha item type Books
949 ## - LOCAL PROCESSING INFORMATION (OCLC)
a MYGE
b 39080005368581
Holdings
Source of classification or shelving scheme Damaged status Not for loan Home library Current library Shelving location Date of accession Source of acquisition Total Checkouts Full call number Barcode Date last seen Copy number Koha item type
Dewey Decimal Classification     JCC Rouf Library JCC Rouf Library General Stacks 02/22/2018 The Asia Foundation   621.3815 KNO 1986 10907 02/24/2018 C - 1 Books

JCC Library | Contacts | JCC Home

Last Update on 23 September 2017
Copyright @ 2017-2020 JCC Rouf Library
Rouf Library, Jhenidah Cadet College (JCC), Bangladesh